Factors affecting strategy implementation in governemnt parastatals : (Record no. 1744)
[ view plain ]
| 000 -LEADER | |
|---|---|
| fixed length control field | 00754nam a22002052 4500 |
| 001 - CONTROL NUMBER | |
| control field | 0000025308 |
| 005 - DATE AND TIME OF LATEST TRANSACTION | |
| control field | 20151021153130.0 |
| 008 - FIXED-LENGTH DATA ELEMENTS--GENERAL INFORMATION | |
| fixed length control field | 150615s xx 000 0 eng d |
| 040 ## - CATALOGING SOURCE | |
| Original cataloging agency | KABU |
| Transcribing agency | KABU |
| 100 1# - MAIN ENTRY--PERSONAL NAME | |
| Personal name | Madegwa, Grace S. |
| -- | 0000185877 |
| 245 10 - TITLE STATEMENT | |
| Title | Factors affecting strategy implementation in governemnt parastatals : |
| Remainder of title | a case of National Cereals and Produce Board of Kenya / |
| Statement of responsibility, etc. | by grace Shivisa Madegwa. |
| 260 ## - PUBLICATION, DISTRIBUTION, ETC. (IMPRINT) | |
| Place of publication, distribution, etc. | Nakuru : |
| Name of publisher, distributor, etc. | Kabarak university, |
| Date of publication, distribution, etc. | 2014. |
| 300 ## - PHYSICAL DESCRIPTION | |
| Extent | x, 55 p. |
| 650 #0 - SUBJECT ADDED ENTRY--TOPICAL TERM | |
| Topical term or geographic name as entry element | Organizational effectiveness. |
| -- | 0000150612 |
| 650 #0 - SUBJECT ADDED ENTRY--TOPICAL TERM | |
| Topical term or geographic name as entry element | Business planning. |
| -- | 0000150583 |
| 700 1# - ADDED ENTRY--PERSONAL NAME | |
| Personal name | Ogollah, Kennedy. |
| -- | 0000185876 |
| 908 ## - PUT COMMAND PARAMETER (RLIN) | |
| Put command parameter | 150615 |
| 950 ## - LOCAL HOLDINGS (RLIN) | |
| -- | 1 |
| Withdrawn status | Lost status | Source of classification or shelving scheme | Not for loan | Home library | Current library | Date acquired | Total Checkouts | Full call number | Barcode | Date last seen | Price effective from | Koha item type |
|---|---|---|---|---|---|---|---|---|---|---|---|---|
| Library of Congress Classification | Kabarak, Nakuru City Campus | Kabarak, Nakuru City Campus | 21/10/2015 | HD31 .M33 2014 c. 1 | 018068 | 08/09/2016 | 21/10/2015 | Thesis, Dissertation and Projecs |